[Event "IMSA World Masters Blitz"]
[Site "Hengshui CHN"]
[Date "2019.05.17"]
[Round "4.8"]
[White "Gelfand, Boris"]
[Black "Mamedov, Rauf"]
[Result "1-0"]
[WhiteTitle "GM"]
[BlackTitle "GM"]
[WhiteElo "2676"]
[BlackElo "2650"]
[WhiteFideId "2805677"]
[BlackFideId "13401653"]
[EventDate "2019.05.17"]

1. d4 d5 2. c4 e6 3. Nf3 Nf6 4. Nc3 Nbd7 5. Bg5 h6 6. Bh4 c6 7. e3 g5 8. Bg3 Nh5
9. Qc2 Nxg3 10. hxg3 Bg7 11. O-O-O Qe7 12. Kb1 Nb6 13. Ne5 dxc4 14. Ne4 Bd7 15.
Bxc4 Rf8 16. Bb3 O-O-O 17. Nc5 Kb8 18. a4 Be8 19. a5 Nd5 20. e4 Nc7 21. Ba4 a6
22. Nxb7 Kxb7 23. Nxc6 Bxc6 24. Qxc6+ Kc8 25. Rc1 Kb8 26. Qb6+ Kc8 27. Qxa6+ Kb8
28. Qb6+ Kc8 29. a6 1-0

[Event "IMSA World Masters Blitz"]
[Site "Hengshui CHN"]
[Date "2019.05.17"]
[Round "5.2"]
[White "Leko, Peter"]
[Black "Dominguez Perez, Leinier"]
[Result "1/2-1/2"]
[WhiteTitle "GM"]
[BlackTitle "GM"]
[WhiteElo "2674"]
[BlackElo "2750"]
[WhiteFideId "703303"]
[BlackFideId "3503240"]
[EventDate "2019.05.17"]

1. e4 e5 2. Nf3 Nc6 3. Bb5 Nf6 4. O-O Nxe4 5. Re1 Nd6 6. Nxe5 Be7 7. Bf1 Nxe5 8.
Rxe5 O-O 9. d4 Ne8 10. Re1 d5 11. Bf4 Bd6 12. Be5 c6 13. c3 Bf5 14. Bd3 Bxd3 15.
Qxd3 f6 16. Bxd6 Nxd6 17. Nd2 Qd7 18. Re2 Rfe8 19. Rae1 Rxe2 20. Rxe2 Re8 21. f3
Rxe2 22. Qxe2 Kf7 23. Qd3 Qf5 24. Qxf5 Nxf5 25. Kf2 h5 26. Nb3 b6 27. Nc1 g5 28.
Nd3 Ke6 29. g3 Nd6 30. h3 Nf5 31. g4 hxg4 32. hxg4 Nd6 33. Ke3 Nc4+ 34. Ke2 Nd6
35. Ke3 Nc4+ 36. Ke2 1/2-1/2

[Event "IMSA World Masters Blitz"]
[Site "Hengshui CHN"]
[Date "2019.05.17"]
[Round "5.3"]
[White "Andreikin, Dmitry"]
[Black "Vidit, Santosh Gujrathi"]
[Result "1-0"]
[WhiteTitle "GM"]
[BlackTitle "GM"]
[WhiteElo "2722"]
[BlackElo "2707"]
[WhiteFideId "4158814"]
[BlackFideId "5029465"]
[EventDate "2019.05.17"]

1. e4 e5 2. Nf3 Nc6 3. Nc3 Nf6 4. Bb5 Nd4 5. O-O Nxb5 6. Nxb5 c6 7. Nc3 d6 8. d4
Qc7 9. a4 Be7 10. h3 a5 11. b3 O-O 12. Bb2 Nd7 13. Re1 Re8 14. Ne2 Bf8 15. Ng3
g6 16. Qd2 Bg7 17. Rad1 b6 18. Nh2 Nf8 19. Qc1 Ne6 20. dxe5 dxe5 21. Ng4 h5 22.
Ne3 Ba6 23. Ba3 Nd4 24. c3 Nxb3 25. Qc2 Nc5 26. Nef5 gxf5 27. exf5 h4 28. Nh5 f6
29. Bxc5 bxc5 30. Re4 Rad8 31. Rg4 Re7 32. Nxf6+ Kf7 33. Nh5 Bh6 34. Rxd8 Qxd8
35. f6 Bd3 36. fxe7 1-0

[Event "IMSA World Masters Blitz"]
[Site "Hengshui CHN"]
[Date "2019.05.17"]
[Round "5.4"]
[White "Korobov, Anton"]
[Black "Jones, Gawain C B"]
[Result "1-0"]
[WhiteTitle "GM"]
[BlackTitle "GM"]
[WhiteElo "2687"]
[BlackElo "2702"]
[WhiteFideId "14105730"]
[BlackFideId "409561"]
[EventDate "2019.05.17"]

1. d4 Nf6 2. c4 g6 3. Nc3 Bg7 4. e4 O-O 5. Bg5 d6 6. Qd2 Na6 7. Bd3 e5 8. d5 Nc5
9. Bc2 a5 10. Nge2 Qd7 11. f3 Ne8 12. g4 Bf6 13. h4 Qe7 14. Bxf6 Qxf6 15. Qe3
Bd7 16. O-O-O a4 17. g5 Qg7 18. h5 f5 19. h6 Qe7 20. exf5 Bxf5 21. f4 Bxc2 22.
Kxc2 Rf5 23. Rhf1 Qf7 24. Rf2 exf4 25. Rxf4 Rxf4 26. Qxf4 Qxf4 27. Nxf4 c6 28.
Ne6 cxd5 29. Nxc5 dxc5 30. Nxd5 Kf7 31. Re1 Rb8 32. Re7+ Kg8 33. a3 b6 34. Kd3
Rd8 35. Ke2 b5 36. Kf3 bxc4 37. Rxe8+ Rxe8 38. Nf6+ Kf7 39. Nxe8 Kxe8 40. Ke4
Kd7 41. Kd5 Ke7 42. Kxc5 Ke6 43. Kxc4 Kf5 44. b4 axb3 45. Kxb3 Kxg5 46. a4 Kh4
47. a5 g5 48. a6 g4 49. a7 1-0

[Event "IMSA World Masters Blitz"]
[Site "Hengshui CHN"]
[Date "2019.05.17"]
[Round "5.6"]
[White "Gelfand, Boris"]
[Black "Ponomariov, Ruslan"]
[Result "1/2-1/2"]
[WhiteTitle "GM"]
[BlackTitle "GM"]
[WhiteElo "2676"]
[BlackElo "2675"]
[WhiteFideId "2805677"]
[BlackFideId "14103320"]
[EventDate "2019.05.17"]

1. d4 Nf6 2. Nf3 g6 3. Nbd2 Bg7 4. e4 d6 5. Be2 O-O 6. O-O Nc6 7. c3 e5 8. dxe5
dxe5 9. Qc2 Qe7 10. b4 a6 11. a4 Rd8 12. Ba3 Qe8 13. b5 axb5 14. axb5 Nb8 15. b6
cxb6 16. Nc4 Bf8 17. Bxf8 Rxa1 18. Rxa1 Qxf8 19. Ncxe5 Qe7 20. Bc4 Be6 21. Bxe6
Qxe6 22. Ra8 Nc6 23. Rxd8+ Nxd8 24. Qd3 Nc6 25. Nxc6 bxc6 26. Qd8+ Kg7 27. Qxb6
Qxe4 28. h3 h6 29. Qc5 Qd5 30. Qd4 c5 31. Qe5 Qxe5 32. Nxe5 Ne4 33. c4 Kf6 34.
Nd3 Ke7 35. f3 Nd6 36. Nxc5 Nxc4 37. Kf2 h5 38. h4 Kf6 39. Ne4+ Ke6 40. Ng5+ Kf6
41. Ne4+ Ke6 42. Ng5+ Kf6 43. Ne4+ Ke6 1/2-1/2

[Event "IMSA World Masters Blitz"]
[Site "Hengshui CHN"]
[Date "2019.05.17"]
[Round "5.8"]
[White "Mamedov, Rauf"]
[Black "Le, Quang Liem"]
[Result "0-1"]
[WhiteTitle "GM"]
[BlackTitle "GM"]
[WhiteElo "2650"]
[BlackElo "2704"]
[WhiteFideId "13401653"]
[BlackFideId "12401137"]
[EventDate "2019.05.17"]

1. e4 c5 2. Nf3 Nc6 3. Bb5 g6 4. O-O Bg7 5. Re1 e5 6. Bxc6 dxc6 7. d3 Qe7 8. a4
Nh6 9. h3 O-O 10. Be3 f6 11. Nbd2 Nf7 12. Nb3 b6 13. a5 Be6 14. Nfd2 f5 15. exf5
gxf5 16. f4 exf4 17. Bxf4 Bxb2 18. Ra2 Bc3 19. Qf3 Qd7 20. Re2 Bd5 21. Qh5 Rae8
22. axb6 axb6 23. Rxe8 Rxe8 24. Nf3 c4 25. dxc4 Bxc4 26. Kh2 Qe6 27. Ra7 Qg6 28.
Qh4 Re2 29. Bg3 Bd5 30. Qf4 Be5 31. Ra8+ Kg7 32. Nxe5 Rxg2+ 0-1

[Event "IMSA World Masters Blitz"]
[Site "Hengshui CHN"]
[Date "2019.05.17"]
[Round "6.1"]
[White "Bu, Xiangzhi"]
[Black "Rapport, Richard"]
[Result "0-1"]
[WhiteTitle "GM"]
[BlackTitle "GM"]
[WhiteElo "2729"]
[BlackElo "2736"]
[WhiteFideId "8601445"]
[BlackFideId "738590"]
[EventDate "2019.05.17"]

1. Nf3 Nf6 2. c4 b6 3. g3 Bb7 4. Bg2 e6 5. O-O Be7 6. Nc3 O-O 7. Re1 Ne4 8. Nxe4
Bxe4 9. d3 Bb7 10. e4 c5 11. d4 cxd4 12. Nxd4 Nc6 13. Nb5 Ne5 14. b3 f6 15. Bb2
a6 16. Nc3 Qc7 17. Qe2 Bc6 18. a4 Bb4 19. Rac1 Bb7 20. Red1 Rad8 21. h3 Qb8 22.
Kh2 Nf7 23. Rc2 Bc6 24. Na2 Be7 25. Rcd2 b5 26. cxb5 axb5 27. a5 b4 28. Bd4 Qa8
29. Bb6 Rc8 30. Rxd7 Bxd7 31. Rxd7 Bc5 32. e5 Qb8 33. Bxc5 Rxc5 34. a6 Qc8 35.
Rd2 Rxe5 36. Qf1 Ra5 37. Nxb4 Qc3 38. Nc6 Qxd2 39. Nxa5 Qxa5 40. Qc4 Qb6 41. f4
Nd8 42. Qa4 Rf7 43. Qe8+ Rf8 44. Qa4 Rf7 45. Qe8+ Rf8 46. Qa4 Qa7 47. b4 Nf7 48.
Qc6 Rb8 49. Qxe6 Kf8 50. Qc4 Nd6 51. Qc6 Ke7 52. b5 Rxb5 53. Qc2 Qxa6 54. Qxh7
Rb2 55. Qxg7+ Nf7 56. Qg6 Qc6 0-1

[Event "IMSA World Masters Blitz"]
[Site "Hengshui CHN"]
[Date "2019.05.17"]
[Round "6.2"]
[White "Dominguez Perez, Leinier"]
[Black "Leko, Peter"]
[Result "1/2-1/2"]
[WhiteTitle "GM"]
[BlackTitle "GM"]
[WhiteElo "2750"]
[BlackElo "2674"]
[WhiteFideId "3503240"]
[BlackFideId "703303"]
[EventDate "2019.05.17"]

1. e4 e5 2. Nf3 Nc6 3. Bc4 Bc5 4. c3 Nf6 5. d3 O-O 6. Nbd2 d6 7. O-O a6 8. Bb3
Re8 9. h3 Be6 10. Bc2 h6 11. Re1 d5 12. exd5 Bxd5 13. Nh2 b5 14. Ne4 Nxe4 15.
dxe4 Be6 16. Qf3 Qh4 17. b4 Bb6 18. a4 Ne7 19. Bd3 c6 20. g3 Qf6 21. Qxf6 gxf6
22. Ng4 Bxg4 23. hxg4 Kg7 24. Kg2 Red8 25. Bc2 Ng8 26. Kf3 Kf8 27. Ke2 Kg7 28.
Rd1 Rxd1 29. Bxd1 Rb8 30. axb5 axb5 31. Bb3 Ne7 32. Bd2 Ng8 33. f3 Ne7 34. Ra6
Ng8 35. Be3 Bxe3 36. Kxe3 Ne7 37. Ra7 Kf8 38. f4 Rd8 39. Ba2 Rb8 40. Bb3 Rd8 41.
Ba2 Rb8 42. Bb3 Rd8 1/2-1/2

[Event "IMSA World Masters Blitz"]
[Site "Hengshui CHN"]
[Date "2019.05.17"]
[Round "6.3"]
[White "Vidit, Santosh Gujrathi"]
[Black "Andreikin, Dmitry"]
[Result "1/2-1/2"]
[WhiteTitle "GM"]
[BlackTitle "GM"]
[WhiteElo "2707"]
[BlackElo "2722"]
[WhiteFideId "5029465"]
[BlackFideId "4158814"]
[EventDate "2019.05.17"]

1. d4 Nf6 2. c4 e6 3. Nf3 b6 4. g3 Bb7 5. Bg2 Be7 6. O-O O-O 7. Re1 c6 8. Nfd2
d5 9. Nc3 b5 10. c5 b4 11. Na4 Nbd7 12. e4 dxe4 13. Nxe4 Nxe4 14. Bxe4 Nf6 15.
Bc2 Nd5 16. Qd3 g6 17. Bh6 Re8 18. h4 Bf6 19. Rad1 a5 20. Bb3 Ba6 21. Qf3 Bg7
22. Bxg7 Kxg7 23. Bxd5 exd5 24. Re3 Ra7 25. Rde1 Rae7 26. Qf4 Bd3 27. Nb6 Re4
28. Qd6 Qf6 29. Qxf6+ Kxf6 30. Nd7+ Kg7 31. Ne5 Bb5 32. Rxe4 dxe4 33. Rd1 Rd8
34. Rd2 h5 35. b3 f6 36. Nc4 Bxc4 37. bxc4 a4 38. Kf1 b3 39. axb3 axb3 40. Ke2
b2 41. Rxb2 Rxd4 42. Rb7+ Kh6 43. Rb6 Rxc4 44. Rxc6 f5 45. Rc7 Rc2+ 46. Kf1 Rc3
47. c6 e3 48. fxe3 Rxe3 49. Kf2 Rc3 50. Kg2 g5 51. hxg5+ Kxg5 52. Rc8 Kg6 53. c7
Kg7 54. Kf2 Kh7 55. Ke2 Kg7 56. Kd2 Rc6 57. Ke3 Rc4 58. Kd3 Rc6 59. Kd4 Rc1 60.
Ke5 Rc3 61. Kxf5 Rc5+ 62. Kf4 Rc4+ 63. Ke5 Rc1 64. Kd5 Rc2 65. Ke4 Rc1 66. Kf3
Rc3+ 67. Kf4 Rc4+ 68. Kf5 Rc1 69. Ke6 Rc2 70. Kd7 Rd2+ 71. Kc6 Rc2+ 72. Kd6 Rd2+
73. Ke6 Re2+ 74. Kf5 Rc2 75. Ke5 Rc1 76. Kf4 Rc4+ 77. Kf3 Rc3+ 78. Kg2 Rc2+ 79.
Kh3 Rc4 80. Kg2 Rc3 81. Kf2 Rc2+ 82. Ke3 Rc3+ 83. Kd4 Rc1 84. Ke5 Rc2 85. Kf5
Rc3 86. Ke6 Rc1 87. Kd5 Rd1+ 88. Kc6 Rc1+ 89. Kd7 Rd1+ 90. Ke7 Re1+ 91. Kd6 Rd1+
92. Ke7 Re1+ 93. Kd6 Rd1+ 94. Ke7 Re1+ 1/2-1/2

[Event "IMSA World Masters Blitz"]
[Site "Hengshui CHN"]
[Date "2019.05.17"]
[Round "6.5"]
[White "Cheparinov, Ivan"]
[Black "Yu, Yangyi"]
[Result "0-1"]
[WhiteTitle "GM"]
[BlackTitle "GM"]
[WhiteElo "2667"]
[BlackElo "2739"]
[WhiteFideId "2905540"]
[BlackFideId "8603820"]
[EventDate "2019.05.17"]

1. d4 Nf6 2. c4 e6 3. Nf3 d5 4. g3 Be7 5. Bg2 O-O 6. O-O dxc4 7. Qc2 a6 8. a4
Bd7 9. Qxc4 Bc6 10. Bg5 Nbd7 11. Nc3 h6 12. Bxf6 Nxf6 13. b4 Bd5 14. Nxd5 exd5
15. Qb3 c6 16. e3 Bd6 17. Rfc1 Qb6 18. Rcb1 Ne4 19. Ra2 Rfe8 20. Ne1 h5 21. Nd3
h4 22. Nc5 Nf6 23. Nd3 Ne4 24. Nc5 Nf6 25. Qc2 g6 26. Rab2 hxg3 27. hxg3 Qc7 28.
Nd3 b5 29. Rc1 Rac8 30. Qe2 Kg7 31. Rbc2 Qd7 32. Qf1 Rh8 33. Qe2 Ng4 34. Bf3 Nh2
35. Bg2 Ng4 36. e4 dxe4 37. Qxe4 bxa4 38. Rxc6 Rxc6 39. Rxc6 Nf6 40. Qf3 a5 41.
Nc5 Qe7 42. bxa5 a3 43. Rxd6 a2 44. Qd1 Qxd6 45. Qa1 Rb8 46. Qxa2 Qxd4 47. Qc2
Rb2 48. Nb3 Qe5 49. Qd1 Ra2 50. Bf3 Qc3 51. Kg2 Qb2 0-1

[Event "IMSA World Masters Blitz"]
[Site "Hengshui CHN"]
[Date "2019.05.17"]
[Round "6.6"]
[White "Ponomariov, Ruslan"]
[Black "Gelfand, Boris"]
[Result "1/2-1/2"]
[WhiteTitle "GM"]
[BlackTitle "GM"]
[WhiteElo "2675"]
[BlackElo "2676"]
[WhiteFideId "14103320"]
[BlackFideId "2805677"]
[EventDate "2019.05.17"]

1. e4 c5 2. Nf3 Nc6 3. d4 cxd4 4. Nxd4 Nf6 5. Nc3 e5 6. Ndb5 d6 7. Bg5 a6 8. Na3
b5 9. Nd5 Be7 10. Bxf6 Bxf6 11. c4 b4 12. Nc2 O-O 13. g3 Be6 14. h4 a5 15. Qd2
a4 16. Ndxb4 Nxb4 17. Nxb4 Qb6 18. Be2 Rfb8 19. a3 Qb7 20. Qd3 Bd8 21. O-O Ba5
22. Qxd6 Qxe4 23. Rfe1 Rd8 24. Bf1 Qb7 25. Qxe5 Bxb4 26. axb4 Qxb4 27. Rec1 Rd2
28. c5 Qxb2 29. Qxb2 Rxb2 30. Rc3 Rb3 31. Rxb3 Bxb3 32. c6 Kf8 33. Bb5 Rc8 34.
Bxa4 Bxa4 35. Rxa4 Rxc6 36. Kg2 h5 37. Ra8+ Ke7 38. Ra7+ Kf8 39. Ra8+ Ke7 40.
Ra7+ Kf8 41. Ra8+ Ke7 1/2-1/2

[Event "IMSA World Masters Blitz"]
[Site "Hengshui CHN"]
[Date "2019.05.17"]
[Round "6.8"]
[White "Le, Quang Liem"]
[Black "Mamedov, Rauf"]
[Result "1-0"]
[WhiteTitle "GM"]
[BlackTitle "GM"]
[WhiteElo "2704"]
[BlackElo "2650"]
[WhiteFideId "12401137"]
[BlackFideId "13401653"]
[EventDate "2019.05.17"]

1. e4 c5 2. Nf3 d6 3. d4 Nf6 4. Nc3 cxd4 5. Nxd4 g6 6. Be3 Bg7 7. f3 Nc6 8. Qd2
O-O 9. Bc4 Bd7 10. O-O-O Rc8 11. Bb3 Nxd4 12. Bxd4 b5 13. Nd5 Nxd5 14. Bxg7 Kxg7
15. exd5 a5 16. a3 b4 17. axb4 axb4 18. Qxb4 Kg8 19. Rhe1 Re8 20. Re3 Rb8 21.
Qc3 Qb6 22. Bc4 Rec8 23. b3 Bb5 24. Re4 Qf2 25. Qd2 Qa7 26. Qd4 Qa3+ 27. Kd2
Bxc4 28. bxc4 Rb4 29. Ra1 Qb2 30. Qxb2 Rxb2 31. Ra7 Rb4 32. Kc3 Rb1 33. Rexe7
Rf8 34. Red7 Rg1 35. Rxd6 Rxg2 36. c5 Rxh2 37. c6 Rf2 38. c7 Rxf3+ 39. Kb4 1-0

[Event "IMSA World Masters Blitz"]
[Site "Hengshui CHN"]
[Date "2019.05.17"]
[Round "7.1"]
[White "Korobov, Anton"]
[Black "Rapport, Richard"]
[Result "1-0"]
[WhiteTitle "GM"]
[BlackTitle "GM"]
[WhiteElo "2687"]
[BlackElo "2736"]
[WhiteFideId "14105730"]
[BlackFideId "738590"]
[EventDate "2019.05.17"]

1. d4 e6 2. c4 b6 3. Nf3 Bb7 4. a3 Nf6 5. Nc3 Ne4 6. Nxe4 Bxe4 7. Nd2 Bg6 8. g3
Nc6 9. e3 e5 10. d5 Na5 11. Bg2 Bd6 12. b4 Nb7 13. Bb2 O-O 14. O-O a5 15. Qb3
Qe7 16. Bc3 Ra7 17. e4 axb4 18. axb4 Rfa8 19. Rxa7 Rxa7 20. c5 bxc5 21. b5 Bh5
22. b6 cxb6 23. Qxb6 Bb8 24. Rb1 Be2 25. Bf1 Bxf1 26. Kxf1 Qd6 27. Nc4 Qc7 28.
Bxe5 Qxb6 29. Rxb6 Bxe5 30. Nxe5 f6 31. Nxd7 Na5 32. Nxc5 Nc4 33. Rb4 Ra1+ 34.
Kg2 Nd6 35. h4 Re1 36. g4 g6 37. f3 f5 38. gxf5 gxf5 39. Kg3 Kf7 40. Kf4 fxe4
41. fxe4 Rf1+ 42. Ke5 Ke7 43. Ne6 Rh1 44. Ng7 Nf7+ 45. Kd4 Rd1+ 46. Ke3 Kf6 47.
Nf5 Ke5 48. Nd4 Re1+ 49. Kf3 Rf1+ 50. Ke2 Rh1 51. Nf3+ Kd6 52. Rb6+ Kd7 53. e5
Ke7 54. Rb7+ Ke8 55. d6 Nd8 56. Rxh7 Kf8 57. Rh8+ 1-0

[Event "IMSA World Masters Blitz"]
[Site "Hengshui CHN"]
[Date "2019.05.17"]
[Round "7.2"]
[White "Bu, Xiangzhi"]
[Black "Yu, Yangyi"]
[Result "1/2-1/2"]
[WhiteTitle "GM"]
[BlackTitle "GM"]
[WhiteElo "2729"]
[BlackElo "2739"]
[WhiteFideId "8601445"]
[BlackFideId "8603820"]
[EventDate "2019.05.17"]

1. Nf3 Nf6 2. c4 e6 3. Nc3 d5 4. d4 Be7 5. Bg5 h6 6. Bxf6 Bxf6 7. Qb3 dxc4 8.
Qxc4 O-O 9. e3 Nd7 10. Be2 a6 11. O-O b5 12. Qc6 Rb8 13. Ne4 Bb7 14. Nxf6+ Nxf6
15. Qc2 Be4 16. Qc5 Qd6 17. Rfc1 Rfc8 18. Ne5 Ba8 19. Bf3 Bxf3 20. gxf3 Rb6 21.
Qxd6 Rxd6 22. a4 bxa4 23. Nc6 Kf8 24. Rxa4 Ra8 25. b4 Nd5 26. b5 a5 27. Rxa5
Rxa5 28. Nxa5 Rb6 29. Rc5 Ke8 30. Kg2 g5 31. Kg3 Rb8 32. Nc4 f6 33. e4 Nc3 34.
Rxc7 Nxb5 35. Rh7 Rd8 36. Rxh6 Kf7 37. e5 f5 38. Rh7+ Kg6 39. Re7 Nxd4 40. h4
gxh4+ 41. Kxh4 Nxf3+ 42. Kg3 Nd4 43. Ne3 Ne2+ 44. Kf3 Nd4+ 45. Kg3 Ne2+ 46. Kf3
Nd4+ 47. Kg3 Ne2+ 48. Kf3 Nd4+ 49. Kg3 Ne2+ 1/2-1/2

[Event "IMSA World Masters Blitz"]
[Site "Hengshui CHN"]
[Date "2019.05.17"]
[Round "7.3"]
[White "Dominguez Perez, Leinier"]
[Black "Andreikin, Dmitry"]
[Result "1/2-1/2"]
[WhiteTitle "GM"]
[BlackTitle "GM"]
[WhiteElo "2750"]
[BlackElo "2722"]
[WhiteFideId "3503240"]
[BlackFideId "4158814"]
[EventDate "2019.05.17"]

1. e4 e5 2. Nf3 Nc6 3. Bc4 Bc5 4. c3 Nf6 5. d3 d6 6. Nbd2 a5 7. O-O O-O 8. h3 h6
9. Re1 Ba7 10. Nf1 Be6 11. Bb5 Ne7 12. Ng3 c6 13. Ba4 Ng6 14. Bc2 Qc8 15. d4 Re8
16. Be3 b5 17. Qd2 Qc7 18. Nf5 Bxf5 19. exf5 Nf8 20. Bxh6 N8h7 21. dxe5 dxe5 22.
Be3 Rad8 23. Qe2 Bxe3 24. Qxe3 Nd5 25. Qe4 Nhf6 26. Qh4 b4 27. Ng5 bxc3 28. bxc3
Nxc3 29. Bb3 Rd4 30. Qg3 Ncd5 31. Rac1 Qd6 32. Nf3 Rf4 33. Rcd1 Ne4 34. Qh2 Nec3
35. Rd2 Qf6 36. Bxd5 cxd5 37. Rxe5 Rxe5 38. Qxf4 Ne2+ 39. Rxe2 Rxe2 40. Qb8+ Kh7
41. Qf4 Kg8 42. Qb8+ Kh7 43. Qf4 Kg8 1/2-1/2

[Event "IMSA World Masters Blitz"]
[Site "Hengshui CHN"]
[Date "2019.05.17"]
[Round "7.4"]
[White "Le, Quang Liem"]
[Black "Leko, Peter"]
[Result "1/2-1/2"]
[WhiteTitle "GM"]
[BlackTitle "GM"]
[WhiteElo "2704"]
[BlackElo "2674"]
[WhiteFideId "12401137"]
[BlackFideId "703303"]
[EventDate "2019.05.17"]

1. e4 e5 2. Nf3 Nc6 3. Bb5 Nf6 4. d3 Bc5 5. O-O Nd4 6. Be3 Nxf3+ 7. Qxf3 Bxe3 8.
Qxe3 O-O 9. Nd2 d6 10. Bc4 Be6 11. Bxe6 fxe6 12. Qh3 Qe7 13. c3 Rf7 14. Rae1
Raf8 15. Nf3 Nd7 16. Re3 Rf6 17. Nd2 Rh6 18. Qg4 Nf6 19. Qe2 Nh5 20. g3 Nf6 21.
d4 Nd7 22. Nf3 Rhf6 23. dxe5 Nxe5 24. Nxe5 dxe5 25. Rd3 a6 26. Kg2 R6f7 27. f3
h6 28. Rfd1 Kh7 29. a4 Qe8 30. b3 Qc6 31. h4 a5 32. h5 Qb6 33. c4 Qc5 34. Qf2
Qe7 35. Qd2 Qc5 36. Qf2 Qe7 37. c5 Qg5 38. Rh1 Qe7 39. Qc2 Qg5 40. Qc3 b6 41. c6
Rf6 42. Rh4 R6f7 43. Rh1 Rf6 44. Rh3 R6f7 45. Rh4 Qf6 46. Qd2 Qe7 47. Rg4 Qc5
48. Rc3 Qb4 49. Qc2 Rd8 50. Rg6 Qd6 51. Kh3 Qe7 52. Rd3 Rd6 53. Qc4 Rf6 54. Rxf6
gxf6 55. Kg2 Kg7 56. Kf1 Qd8 57. Ke2 Kf7 58. Qc3 Ke7 59. Rxd6 Qxd6 60. Qc1 Qb4
61. Qxh6 Qxb3 62. Qg7+ Kd6 63. h6 Qc2+ 64. Kf1 Qd1+ 65. Kg2 Qe2+ 66. Kg1 Qe1+
67. Kg2 Qe2+ 68. Kg1 Qe1+ 1/2-1/2

[Event "IMSA World Masters Blitz"]
[Site "Hengshui CHN"]
[Date "2019.05.17"]
[Round "7.8"]
[White "Cheparinov, Ivan"]
[Black "Mamedov, Rauf"]
[Result "1-0"]
[WhiteTitle "GM"]
[BlackTitle "GM"]
[WhiteElo "2667"]
[BlackElo "2650"]
[WhiteFideId "2905540"]
[BlackFideId "13401653"]
[EventDate "2019.05.17"]

1. d4 Nf6 2. c4 g6 3. Nc3 Bg7 4. e4 d6 5. h3 O-O 6. Be3 e5 7. d5 c6 8. g4 Na6 9.
Nge2 Nc5 10. Ng3 a5 11. Be2 cxd5 12. cxd5 Bd7 13. h4 a4 14. g5 Ne8 15. h5 Rc8
16. Qd2 Qa5 17. Nb5 Qb6 18. Na3 Qd8 19. Rc1 f5 20. hxg6 f4 21. Bxc5 dxc5 22.
gxh7+ Kh8 23. Nh5 Qxg5 24. Bf3 b5 25. Ke2 Bh6 26. Rcg1 Qe7 27. Rg6 Bg7 28. Rhg1
Rf7 29. Bg4 Qh4 30. Nxg7 Nxg7 31. Bxd7 Rxd7 32. Nxb5 f3+ 33. Kd1 Qxe4 34. Nc3
Qf5 35. Qg5 Qd3+ 36. Qd2 Qf5 37. R6g5 Qh3 38. R5g3 Qf5 39. Qg5 Qd3+ 40. Qd2 Qf5
41. Qe3 a3 42. b3 Rf8 43. Rg5 Qf6 44. Rg6 Qf5 45. R6g5 Qf6 46. Qxe5 Qxe5 47.
Rxe5 Nf5 48. Rg8+ Rxg8 49. hxg8=Q+ 1-0

[Event "IMSA World Masters Blitz"]
[Site "Hengshui CHN"]
[Date "2019.05.17"]
[Round "8.2"]
[White "Yu, Yangyi"]
[Black "Bu, Xiangzhi"]
[Result "0-1"]
[WhiteTitle "GM"]
[BlackTitle "GM"]
[WhiteElo "2739"]
[BlackElo "2729"]
[WhiteFideId "8603820"]
[BlackFideId "8601445"]
[EventDate "2019.05.17"]

1. e4 e5 2. Nf3 Nc6 3. Bb5 a6 4. Ba4 Nf6 5. O-O Be7 6. Re1 b5 7. Bb3 O-O 8. c3
d6 9. h3 Bb7 10. d4 Re8 11. Nbd2 exd4 12. cxd4 Nd7 13. Nf1 Na5 14. Bc2 Bf6 15.
Rb1 c5 16. d5 Nc4 17. N3h2 Nce5 18. Ng3 Ng6 19. Ng4 Be7 20. Nf5 Bf8 21. Be3 Bc8
22. f4 Nf6 23. Qf3 Nxe4 24. Bxe4 Bxf5 25. Bxf5 Nh4 26. Bxh7+ Kxh7 27. Qf2 Nf5
28. Bd2 Qh4 29. Qxh4+ Nxh4 30. Kf2 Nf5 31. Ne3 Nxe3 32. Rxe3 Rxe3 33. Kxe3 g6
34. Bc3 Re8+ 35. Kd3 Bg7 36. Bxg7 Kxg7 37. b3 f5 38. g3 Re4 39. Rd1 Kf6 40. h4
Rd4+ 41. Ke2 Rxd1 42. Kxd1 Ke7 43. Ke2 Kd7 44. Kf3 Kc7 45. g4 fxg4+ 46. Kxg4 Kd7
47. f5 gxf5+ 48. Kxf5 Ke7 49. h5 Kf7 50. h6 Kg8 51. Kg5 Kh7 52. Kf5 Kxh6 53. Ke6
c4 54. bxc4 bxc4 55. Kxd6 c3 56. Ke7 c2 57. d6 c1=Q 58. d7 Qc7 59. Ke8 Qe5+ 60.
Kd8 Kg7 61. Kc8 Qc5+ 62. Kb7 Qd6 0-1

[Event "IMSA World Masters Blitz"]
[Site "Hengshui CHN"]
[Date "2019.05.17"]
[Round "8.5"]
[White "Ponomariov, Ruslan"]
[Black "Vidit, Santosh Gujrathi"]
[Result "0-1"]
[WhiteTitle "GM"]
[BlackTitle "GM"]
[WhiteElo "2675"]
[BlackElo "2707"]
[WhiteFideId "14103320"]
[BlackFideId "5029465"]
[EventDate "2019.05.17"]

1. e4 c5 2. Nf3 d6 3. d4 cxd4 4. Nxd4 Nf6 5. Nc3 a6 6. h3 e6 7. g4 Be7 8. Bg2
Nfd7 9. b3 Qc7 10. Bb2 b5 11. Qd2 Bb7 12. O-O-O Nc5 13. a3 Nbd7 14. Kb1 O-O 15.
f4 Rab8 16. g5 Rfe8 17. h4 Bf8 18. h5 e5 19. Nf5 exf4 20. Qxf4 Ne5 21. Nd5 Bxd5
22. exd5 Rbc8 23. Rd2 g6 24. Nh6+ Bxh6 25. gxh6 Qe7 26. Bh3 Rcd8 27. hxg6 hxg6
28. h7+ Kh8 29. Re1 f6 30. Rf2 Rf8 31. Rg1 Qf7 32. b4 Na4 33. Be6 Qc7 34. Bd4
Nc3+ 35. Kb2 Na4+ 36. Kb1 a5 37. Qd2 axb4 38. Qxb4 g5 39. Bf5 Nb6 40. Rff1 Nbc4
41. Rg3 Ra8 42. Rb3 Ra4 43. Qc3 Rfa8 44. Bxe5 dxe5 45. Bd3 Qd6 46. Bxc4 bxc4 0-1

[Event "IMSA World Masters Blitz"]
[Site "Hengshui CHN"]
[Date "2019.05.17"]
[Round "8.7"]
[White "Fedoseev, Vladimir3"]
[Black "Jones, Gawain C B"]
[Result "0-1"]
[WhiteTitle "GM"]
[BlackTitle "GM"]
[WhiteElo "2683"]
[BlackElo "2702"]
[WhiteFideId "24130737"]
[BlackFideId "409561"]
[EventDate "2019.05.17"]

1. Nf3 Nf6 2. b3 g6 3. Bb2 Bg7 4. g3 O-O 5. Bg2 d6 6. d4 c5 7. O-O cxd4 8. Nxd4
d5 9. Na3 Re8 10. c4 e5 11. Nf3 d4 12. c5 Nfd7 13. b4 a5 14. Nc4 axb4 15. Nd6
Re7 16. Rc1 h6 17. e3 d3 18. Nd2 Nc6 19. N2e4 Kh7 20. Nxc8 Qxc8 21. Qxd3 Rxa2
22. Qb3 Ra5 23. Nd6 Qc7 24. Qd5 Nf6 25. Qd2 Ra2 26. Ra1 b3 27. Qc3 Nd8 28. Nb5
Qc8 29. Qxb3 Rxa1 30. Rxa1 Rd7 31. Rc1 Nc6 32. Nd6 Qc7 33. Ba3 Qa5 34. h3 h5 35.
Nxb7 Rxb7 36. Qxb7 Qxa3 37. Rb1 Nd8 38. Qb6 Qd3 39. Bf3 e4 40. Rd1 Qc2 41. Bxh5
Ne6 42. Bxg6+ Kxg6 43. Rd6 Qxc5 44. Qb8 Qe5 45. Qb6 Ng5 46. h4 Nf3+ 47. Kg2 Qa1
48. h5+ Kh7 0-1